Представление документа в формате MARC21

Поле Инд. ПП Название Значение
Тип записи a
Библиографический уровень b
001 Контрольный номер RU/IS/BASE/283965247
005 Дата корректировки 20200522191300.1
008 Кодируемые данные 20081230
040 b Код языка каталог. rus
e Правила каталог. PSBO
041 0_ a Код языка текста rus
084 a Индекс другой классификации/Индекс ББК 83.3(0)323
100 1_ a Автор Кузнецов А. Е.
245 11 a Заглавие "Сципион" Квинта Энния: метр и жанр
504 a Библиография Библиогр. - Примеч.: с. 84 - 86
600 14 a Персоналии Энний Квинт
650 14 a Основная рубрика история литературы
a Основная рубрика литературоведение
a Основная рубрика филологические науки
653 0_ a Ключевые слова "Сципион" (поэма)
a Ключевые слова древний мир
a Ключевые слова Древний Рим
a Ключевые слова литературные жанры
a Ключевые слова поэзия
a Ключевые слова поэтический жанр
a Ключевые слова стихотворный размер
a Ключевые слова трагедия
773 08 t Заглавие источника Вестник Московского университета. Серия 9, Филология
d Дата издания источника 2008
g Прочая информация № 3. - С. 77 - 86
w Контрольный № источника RU/IS/BASE/282745557
901 t Тип документа b